El gerenciamiento agropecuario en el siglo xxi : bases para una competitividad sustentable /

Guardado en:
Autor Principal: Durán, Regina
Otros Autores: Scoponi, Liliana
Formato: Libro
Publicado: Buenos Aires : Osmar Buyatti, 2005
Materias:
Etiquetas: Agregar Etiqueta
Sin Etiquetas, Sea el primero en etiquetar este registro!
LEADER 00861nam a22002175a 4500
001 CEM.cems012041
005 20081209093343.0
008 130507s2005##################000#0#####d
003 CEMS
020 |a 9871140312 
082 0 4 |a 658.9 
100 1 |a Durán, Regina 
245 1 0 |a El gerenciamiento agropecuario en el siglo xxi :  |b bases para una competitividad sustentable /  |c Regina Durán, Liliana Scoponi 
260 |a Buenos Aires :  |b Osmar Buyatti,  |c 2005 
300 |a 560 p. 
505 0 |a La empresa agropecuaria y el contexto -- Funciones básicas aplicadas a la administración rural -- Consideraciones particulares -- Casos reales de aplicación 
653 |a Contabilidad 
653 |a Empresa agropecuaria- administración 
653 |a Administración de empresas 
700 1 |a Scoponi, Liliana 
859 |a CEMS  |b BIB. CEMS - 11 de abril  |h 658.9  |i D135  |p 23239.05  |t Ej.1